XX czy XXI wiek - Statystyki

Ogólne statystyki
  • Ten quiz został rozwiązany 33 razy
  • Średni wynik to 13 z 19
Statystyki odpowiedzi
Zagadnienie Odpowiedź % Poprawnych
Zamach terrorystyczny na World Trade Center. XXI wiek
100%
Swoją premierę na TVP ma pierwszy odcinek telenoweli "Klan". XX wiek
94%
Dochodzi do wykrycia i epidemii wirusa SARS XXI wiek
88%
Rozpad Jugosławii. XX wiek
88%
W Warszawie otwarto pierwszy odcinek linii kolei podziemnej (Metro). XX wiek
81%
Dochodzi do odkrycia nowej planety karłowatej wielkości Plutona -Eris. XXI wiek
78%
Czarnogóra ogłasza swoją niepodległość. XXI wiek
75%
Powstanie przeglądarki Google. XX wiek
75%
Polska dołącza do struktur NATO. XX wiek
75%
Powstanie darmowej encyklopedii internetowej "Wikipedia". XXI wiek
72%
Holandia jako pierwszy nowożytny kraj legalizuje małżeństwa homoseksualne. XXI wiek
66%
Swoją premierę ma "Mroczne Widmo" pierwszy film z cyklu Gwiezdne Wojny od 1983 roku. XX wiek
66%
Odbywa się pierwszy w Polsce koncert zespołu Metallica. XX wiek
66%
W fabryce na warszawskim Żeraniu oficjalnie zakończono produkcję wszystkich modeli Poloneza. XXI wiek
56%
Pojawienie się waluty "Euro" w obiegu. XXI wiek
47%
Wstąpienie Szwajcarii do ONZ. XXI wiek
47%
Na powierzchni Marsa ląduje pierwszy lądownik. XX wiek
47%
W czasie wejścia w ziemską atmosferę dochodzi do katastrofy kosmicznego wahadłowca Columbia. XXI wiek
31%
Swoją premierę ma do tej pory najlepiej sprzedająca się konsola do gier video w historii - PlayStation 2 XX wiek
28%
Nie znaleziono quizów pasujących do podanych kryteriów
Rozkład punktacji
Procent ludzi z każdym wynikiem
Percentyl według liczby udzielonych odpowiedzi
Twoja historia wyników
Nie rozwiązałeś tego quizu